000
00313nam a2200133Ia 4500
100
_a
Deo/Narsingh
942
_c
BK
654
_a
Digital Computer
245
_a
Systems Simulations with digital Computer
260
_b
Prentice-Hall of India
_a
New Delhi
_c
1993
082
_a
3.3
546
_a
ENGLISH
999
_c
33387
_d
33387